| 000 | 00385nam a2200145Ia 4500 | ||
|---|---|---|---|
| 008 | 230917s9999||||xx |||||||||||||| ||und|| | ||
| 040 |
_e96441 _aMAIN |
||
| 041 | _aEnglish | ||
| 082 | _a370 V59E | ||
| 100 | _aVerma, Mukta | ||
| 245 | 0 | _aEvaluation of English reader prescribed by Haryana board of school education for X class | |
| 260 | _c2001 | ||
| 300 | _a50, 14 p. | ||
| 942 | _cTH | ||
| 999 |
_c88370 _d88370 |
||